00618nam a22001937a 450000500170000001000150001702000190003203500130005103700130006408200150007724501050009226000480019727000200024530000320026565000400029765000320033765000360036970000190040520141009131405.0 aENG-100651 c3000.00 (v.45) aEN-84184 bDBAD/PUB a011.340954 aGuide to Indian periodical literature: cedited by Satya parkashb(social sciences and humanities) / aGargaonbIndian Documentation Servicec2010 bGargaone122001 a45V (xxv, 678p.)c25cm (Hb) aIndian preiodicals index periodical aHumanities periodical index aSocial science periodical index aSatya, Prakash